000 01043nam a22001697a 4500
020 _a8121922321
040 _c0
082 _a510,SAR
100 _aSarkar, Swapan Kumar
_961352
245 _aA Text Book of Discrete Mathematics :
_bFor B.E./B.Tech.,B.Sc., M.Sc (Computer Science) /
_cDr. Swapan Kumar Sarkar
250 _a2nd Edition
260 _aS, Chand
_bNew Dlehi
_c2003
300 _a641 p
505 _gA Brief Survey of Discrete Mathematics (Page-1), Mathematical Logic (Page-6), Boolean Algebra and Logic Circuits (Page-75), Set Theory (Page-124), Matrices (Page-163), Number Theory (Page-224), Relation (Page-260), Function (Page-302), Posets and Lattices (Page-336), Combinatorics (Page-373), Group Theory (Page-444), Rings and Fields (Page-497), Graph Theory (Page-523), Trees (Page-652), Probability (Page-605), Language, Grammar and Automata (Page-652), Time Complexity of Algorithm (Page-702), Vector Spaces (Page-766), Elemnts of Coding Theory (Page-814).
650 _aDiscrete Mathematics
_959101
942 _2ddc
_cBK
999 _c607374
_d607374